Conozca a su niño : (Record no. 59363)
[ view plain ]
| 000 -LEADER | |
|---|---|
| campo de control de longitud fija | 00986nac a2200229 a 4500 |
| 003 - IDENTIFICADOR DE NÚMERO DE CONTROL | |
| campo de control | Co-PeBDM |
| 005 - FECHA Y HORA DE LA ÚLTIMA TRANSACCIÓN | |
| campo de control | 20240719002431.0 |
| 008 - DATOS DE LONGITUD FIJA--INFORMACIÓN GENERAL | |
| campo de control de longitud fija | 240718b2015 |||||||| |||| 00| 0 spa d |
| 020 ## - NÚMERO INTERNACIONAL ESTÁNDAR DEL LIBRO | |
| Número Internacional Estándar del Libro | 9788449300011 |
| 040 ## - FUENTE DE CATALOGACIÓN | |
| Centro catalogador/agencia de origen | Co-PeBDM |
| Lengua de catalogación | spa |
| Centro/agencia transcriptor | Co-PeBDM |
| Normas de descripción | rda |
| 082 ## - NÚMERO DE LA CLASIFICACIÓN DECIMAL DEWEY | |
| Número de clasificación | 136.7 |
| Número de ítem | W776c |
| 100 ## - ENTRADA PRINCIPAL--NOMBRE DE PERSONA | |
| Nombre de persona | Winnicott, Donald Woods |
| Fechas asociadas al nombre | 1896-1971.; |
| Término indicativo de función/relación | Autor |
| 245 10 - MENCIÓN DEL TÍTULO | |
| Título | Conozca a su niño : |
| Resto del título | psicología de las primeras relaciones entre el niño y su familia; traducido por Noemi Rosemblatt. |
| 260 ## - PUBLICACIÓN, DISTRIBUCIÓN, ETC. | |
| Lugar de publicación, distribución, etc. | Ediciones Hormé ; Editorial Paidós, |
| 300 ## - DESCRIPCIÓN FÍSICA | |
| Extensión | 216 páginas ; |
| Dimensiones | 23 cm. |
| 500 ## - NOTA GENERAL | |
| Nota general | Incluye índice |
| 520 ## - RESUMEN, ETC. | |
| Sumario, etc. | La finalidad de este libro, dedicado a la madre y el padre comunes, es ayudarlos a saber cómo son sus hijos y qué sucede en las fundamentales primeras relaciones del niño con su familia. |
| 650 14 - PUNTO DE ACCESO ADICIONAL DE MATERIA--TÉRMINO DE MATERIA | |
| Fuente del encabezamiento o término | LEMB |
| Término de materia o nombre geográfico como elemento de entrada | Psicología infantil |
| 700 ## - ENTRADA AGREGADA--NOMBRE PERSONAL | |
| Nombre de persona | Noemi Rosemblatt. |
| Término indicativo de función/relación | traductora |
| 765 ## - ENLACE A LA LENGUA/LENGUAJE ORIGINAL | |
| Encabezamiento principal | The child and the family |
| 942 ## - ELEMENTOS DE ENTRADA SECUNDARIOS (KOHA) | |
| Fuente del sistema de clasificación o colocación | Clasificación Decimal Dewey |
| Tipo de ítem Koha | Libros |
| Suprimir en OPAC | No |
| Estatus retirado | Estado de pérdida | Fuente del sistema de clasificación o colocación | Estado de daño | No para préstamo | Biblioteca de origen | Biblioteca actual | Fecha de adquisición | Total de préstamos | Signatura topográfica completa | Código de barras | Visto por última vez | Copia número | Precio de reemplazo | Tipo de ítem Koha |
|---|---|---|---|---|---|---|---|---|---|---|---|---|---|---|
| Clasificación Decimal Dewey | BIBLIOTECA SAN JOAQUIN | BIBLIOTECA SAN JOAQUIN | 19/07/2024 | 136.7 W776c | 60162 | 19/07/2024 | Ej.1 | 19/07/2024 | Libros |